| 000 | 01155nam a2200325 i 4500 | ||
|---|---|---|---|
| 001 | 9788 | ||
| 003 | ES-MaACL | ||
| 005 | 20250827062555.0 | ||
| 007 | t| | ||
| 008 | 940111s1993 sp ||||1| spa d | ||
| 020 | _a84-309-2327-6 | ||
| 080 | _a336.215:351.713(46)(094.5) | ||
| 080 | _a336.217:351.713(46)(094.5) | ||
| 080 | _a351.713(46)(094.5):336.2 | ||
| 110 | 1 |
_aEspaña _93622 |
|
| 240 | 1 | 0 | _aLeyes, etc., fiscales |
| 245 | 1 | 0 |
_aImpuestos sobre la renta y el patrimonio de las personas físicas / _cedición preparada por Juan Martín Queralt y María Teresa Soler Roch. |
| 250 | _a8ª ed. | ||
| 260 |
_aMadrid : _bTecnos, _c1993. |
||
| 300 |
_a837 p. ; _c17 cm. |
||
| 490 | 1 |
_aBiblioteca de textos legales ; _v2 |
|
| 500 | _aIndices. | ||
| 650 | 1 | 4 |
_aImpuesto sobre la renta de las personas físicas- _zEspaña- _xLegislación. _913628 |
| 650 | 1 | 4 |
_aImpuesto sobre el patrimonio- _zEspaña- _xLegislación. _913624 |
| 700 | 1 |
_aMartín Queralt, Juan. _977615 |
|
| 700 | 1 |
_aSoler Roch, María Teresa. _9107190 |
|
| 830 | 0 |
_aBiblioteca de textos legales ; _v2 _9177271 |
|
| 852 |
_aES-MaACL _jL-17291 _bR.122377 |
||
| 999 |
_c9788 _d9788 |
||